LEADER 04826nam 22006975 450 001 9910485152103321 005 20251202152816.0 010 $a9783030446772 010 $a3030446778 024 7 $a10.1007/978-3-030-44677-2 035 $a(CKB)4100000011273772 035 $a(MiAaPQ)EBC6212481 035 $a(DE-He213)978-3-030-44677-2 035 $a(Perlego)3481628 035 $a(MiAaPQ)EBC6212348 035 $a(EXLCZ)994100000011273772 100 $a20200528d2020 u| 0 101 0 $aeng 135 $aurcnu|||||||| 181 $ctxt$2rdacontent 182 $cc$2rdamedia 183 $acr$2rdacarrier 200 10$aAnarchist Socialism in Early Twentieth-Century Spain $eA Ricardo Mella Anthology /$fby Stephen Luis Vilaseca 205 $a1st ed. 2020. 210 1$aCham :$cSpringer International Publishing :$cImprint: Palgrave Macmillan,$d2020. 215 $a1 online resource (lxxiv, 271 pages) $cmaps 225 1 $aHispanic Urban Studies,$x2662-5849 300 $aIncludes index. 311 08$a9783030446765 311 08$a303044676X 327 $aChapter 1: Doctrine -- Chapter 2: Social Criticism -- Chapter 3: Libertarian Habits -- Chapter 4: Tactics -- Chapter 5: Evolution and Revolution -- Chapter 6: Violence -- Chapter 7: Freedom and Authority -- Chapter 8: Philosophical-Literary Essays -- Chapter 9: Iconoclastic Ideas -- Chapter 10: Morals -- Chapter 11: Sociological Topics -- Chapter 12: Pedagogy -- Chapter 13: Spanish Life -- Chapter 14: Representative Men -- Chapter 15: Polemical Works -- Chapter 16: Readings. 330 $a?This book provides an invaluable glimpse into Spanish anarchism for English language speakers. Vilaseca capably reflects on where his voice sits in relation to Mella?s, offering an account that is hybridized, lively, and highly relevant to the contemporary moment of social struggle.? ?Simon Springer, Professor, Human Geography and Anarchist Studies, The University of Newcastle, Australia ?We have a vital need for works like this book by Stephen Vilaseca, which rediscovers, translates, and puts in their contexts the works of activist Ricardo Mella. Most welcome!? ? Federico Ferretti, Associate Professor, Cultural and Historical Geography, University College Dublin, Ireland ?This anthology will inspire contemporary revolutionaries who want to recall the roots of the debates, principles, and utopias proposed by early anarchists and socialists.? ? Miguel A. Martínez, Professor, Sociology, Uppsala University, Sweden ?This book provides a much-needed introduction to a central figure in the history of the Spanish anarchist movement. The incisive introductory essays bring Mella?s work into dialogue with current theoretical and activist approaches in urban studies and other fields.? ? Sebastiaan Faber, Oberlin College, USA, author of Memory Battles of the Spanish Civil War This book is the first English translation of and critical introduction to Ideario, a collection of newspaper and journal articles written by Spanish anarchist Ricardo Mella. Given that Mella is virtually unknown to the English-speaking world, this book provides readers access to his extensive body of work about Spain, human nature, and a world increasingly dominated by capitalism. Suitable for both the general public interested in learning more about anarchist ideas and for scholars studying twentieth-century Spain, the three introductory essays help to introduce Mella, ground his work in the context of Spanish anarchism, and draw connections between Mella and the urban. Stephen Luis Vilaseca?s translation is accessible and engaging. Stephen Luis Vilaseca is Associate Professor of Spanish at Northern Illinois University and co-Associate Editor of the Journal of Urban Cultural Studies. He is the author of Barcelonan Okupas: Squatter Power! (2013). 410 0$aHispanic Urban Studies,$x2662-5849 606 $aEthnology$zEurope 606 $aCulture 606 $aCities and towns$xHistory 606 $aCultural property 606 $aJournalism 606 $aEuropean Culture 606 $aUrban History 606 $aCultural Heritage 606 $aJournalism 615 0$aEthnology 615 0$aCulture. 615 0$aCities and towns$xHistory. 615 0$aCultural property. 615 0$aJournalism. 615 14$aEuropean Culture. 615 24$aUrban History. 615 24$aCultural Heritage. 615 24$aJournalism. 676 $a370.1 676 $a301 700 $aVilaseca$b Stephen Luis$4aut$4http://id.loc.gov/vocabulary/relators/aut$0858703 801 0$bMiAaPQ 801 1$bMiAaPQ 801 2$bMiAaPQ 906 $aBOOK 912 $a9910485152103321 996 $aAnarchist Socialism in Early Twentieth-Century Spain$92208923 997 $aUNINA LEADER 04934oam 2201153 c 450 001 9910263753703321 005 20260302090207.0 010 $a9783839433164 010 $a3839433169 024 7 $ahttp://dx.doi.org/10.14361/9783839433164 035 $a(CKB)3710000000520081 035 $a(OAPEN)1007775 035 $a(WaSeSS)IndRDA00124824 035 $a(DE-B1597)462960 035 $a(OCoLC)935203325 035 $a(OCoLC)960754519 035 $a(DE-B1597)9783839433164 035 $a(MiAaPQ)EBC4712120 035 $a(MiAaPQ)EBC6695276 035 $a(Au-PeEL)EBL6695276 035 $a(ScCtBLL)7ab3e98f-4404-4f7c-8dd7-e48eb7b6e42d 035 $a(transcript Verlag)9783839433164 035 $a(oapen)https://directory.doabooks.org/handle/20.500.12854/33414 035 $a(Perlego)1796741 035 $a(oapen)doab28206 035 $a(oapen)doab33414 035 $a(EXLCZ)993710000000520081 100 $a20260302d2015 uy 0 101 0 $ager 135 $auuuuu---auuuu 181 $ctxt$2rdacontent 182 $cc$2rdamedia 183 $acr$2rdacarrier 200 14$aDie Konstruktion von Reputation$eVerweise auf Ferdinand de Saussure in der romanistischen Sprachwissenschaft$fJulia Richter 205 $a1st ed. 210 $aBielefeld$ctranscript Verlag$d2015 215 $a1 online resource (346 pages) 225 0 $aDiskursNetz$v2 300 $aHow do linguists become famous? Or are they made famous by others? This volume sheds light on strategies of the construction of reputation by way of the discourses on Ferdinand de Saussure in linguistics and romance studies. 311 08$a9783837633160 311 08$a3837633160 327 $aFrontmatter 1 Inhalt 5 Danksagung 7 Abku?rzungen und Erla?uterungen 9 1. Einleitung 11 2. Reputation und kanonisiertes Wissen aus wissenschaftssoziologischer Sicht 15 3. Strukturbezogene Kriterien der Beschreibung von Diskursgemeinschaften 39 4. Korpus 65 5. Die romanistische Linguistik als Diskursgemeinschaft 101 6. Methode 141 7. Ergebnisse 199 8. Zusammenfassung und Weiterfu?hrung 313 9. Literaturverzeichnis 325 Tabellenverzeichnis 343 330 $aDie Berühmtheit eines Wissenschaftlers lässt sich nicht ausschließlich an der Anzahl der auf seine Werke getätigten Verweise ermessen. Auch die Vernachlässigung der Vollständigkeit eines Verweises auf den Urheber einer als grundlegend wahrgenommenen Idee stellt eine ? wenn nicht gar die intensivste ? Form der Anerkennung dar.Julia Richter ermittelt, mit welchen Strategien wissenschaftliches Prestige erzeugt wird. Im Zentrum ihrer Analyse stehen die Verweise auf Ferdinand de Saussure im Diskurs der romanistischen Linguistik.Die Studie entwickelt sogleich eine diskursanalytische Methode, die geeignet ist, Verweise in wissenschaftlichen Texten auf ihr Potential hin zu untersuchen, bestimmte Akteure des Diskurses aufzuzeigen und die Beziehungen zwischen diesen Diskursakteuren darzustellen. 410 0$aDiskursNetz 517 2 $aRichter, Die Konstruktion von Reputation$eVerweise auf Ferdinand de Saussure in der romanistischen Sprachwissenschaft 606 $aDiskursanalyse 606 $aDiscourse Analysis 606 $aPolyphonie 606 $aPolyphony 606 $aFerdinand De Saussure 606 $aReputation 606 $aRomance Linguistics 606 $aRomanistische Linguistik 606 $aVerweisforschung 606 $aCitation Analysis 606 $aSprache 606 $aLanguage 606 $aScience 606 $aWissenschaft 606 $aSprachwissenschaft 606 $aLinguistics 606 $aWissenschaftssoziologie 606 $aSociology of Science 606 $aRomanistik 606 $aRomance Studies 606 $aSoziologie 606 $aSociology 615 4$aDiskursanalyse 615 4$aDiscourse Analysis 615 4$aPolyphonie 615 4$aPolyphony 615 4$aFerdinand De Saussure 615 4$aReputation 615 4$aRomance Linguistics 615 4$aRomanistische Linguistik 615 4$aVerweisforschung 615 4$aCitation Analysis 615 4$aSprache 615 4$aLanguage 615 4$aScience 615 4$aWissenschaft 615 4$aSprachwissenschaft 615 4$aLinguistics 615 4$aWissenschaftssoziologie 615 4$aSociology of Science 615 4$aRomanistik 615 4$aRomance Studies 615 4$aSoziologie 615 4$aSociology 676 $a410.92 686 $aAK 28500$2rvk 700 $aRichter$b Julia$p

Julia Richter, Universität Duisburg-Essen, Deutschland

$4aut$0868164 712 02$aOGeSoMo$4fnd$4http://id.loc.gov/vocabulary/relators/fnd 801 0$bDE-B1597 801 1$bDE-B1597 906 $aBOOK 912 $a9910263753703321 996 $aDie Konstruktion von Reputation$91938043 997 $aUNINA